000 01166 a2200217 4500
999 _c23232
_d23232
003 NUST
005 20170605104225.0
008 170602b xxu||||| |||| 00| 0 eng d
020 _a8129712032
040 _aDLC
_bDLC
_cRCMS
050 _a003.83 BAN
082 _a003.83 BAN
_24th ed.
100 _aBanks, Jerry.
_91952
245 _aDiscrete-event system simulation
_cJerry Banks,
250 _a4th ed.
260 _aSingapore:
_bPearson Education Pte. Ltd.,
_c2005.
300 _a624 p. :
_bill. ;
_c24 cm.
500 _aIncludes Index
538 _iShelf # 11, Row # 1 Mechanical & Aerospace. Shelf # 11, Row # 4 Mechanical & Aerospace. (001987) Shelf # 11, Row # 5 Mechanical & Aerospace. Shelf # 11, Row # 6 Mechanical & Aerospace.
650 _aSimulation methods.
_91953
856 _3Table of Contents Only.
942 _cBK
_k003.83 BAN
_2ddc
_e4th ed.
_h003.83 BAN